[Event "Vilnius op-A"]
[Site "Vilnius"]
[Date "2025.07.12"]
[Round "8"]
[White "Kavalnis, Rytis"]
[Black "Krivonosov, Oleg"]
[Result "0-1"]
[WhiteElo "1912"]
[BlackElo "2333"]
[PlyCount "136"]
[EventDate "2025.07.07"]
[EventType "swiss"]
[EventRounds "9"]
[EventCountry "LTU"]
[SourceTitle "CB29_2025"]
[SourceDate "2025.07.16"]
[SourceVersion "1"]
[SourceVersionDate "2025.07.16"]
[SourceQuality "1"]

1. e4 e5 2. Nf3 Nc6 3. Bc4 Bc5 4. d3 Nf6 5. 0-0 d6 6. c3 h6 7. b4 Bb6 8. a4 a6 9. h3 0-0 10. Re1 Ne7 11. Qc2 Ng6 12. Be3 Bxe3 13. Rxe3 a5 14. b5 c6 15. bxc6 bxc6 16. Nbd2 Bd7 17. Ba2 Rb8 18. d4 Qc7 19. Rd1 Rfd8 20. Bb3 Nh5 21. Qa2 Bc8 22. Nf1 Ba6 23. Bc4 Qb7 24. Bxa6 Qxa6 25. Red3 Nhf4 26. R3d2 Qb6 27. Ne3 exd4 28. Nxd4 d5 29. exd5 cxd5 30. Nb5 Ne7 31. Kh2 Qc5 32. g3 Ne6 33. Nxd5 Nxd5 34. Rxd5 Rxd5 35. Rxd5 Qc6 36. f4 Re8 37. Qd2 Nc5 38. Rd8 Nxa4 39. Rxe8+ Qxe8 40. Nd6 Qe6 41. f5 Qe5 42. Nxf7 Kxf7 43. Qa2+ Kf6 44. Qxa4 Qxc3 45. g4 Kg5 46. Qd7 Kf4 47. Qd6+ Qe5 48. Qd3 a4 49. Qf1+ Ke3+ 50. Kg2 Qe4+ 51. Kg3 Qd3 52. Qf4+ Ke2+ 53. Kg2 a3 54. Qe5+ Qe3 55. Qb5+ Kd2 56. Qd5+ Qd3 57. Qa2+ Ke3 58. Qf2+ Ke4 59. Qe1+ Qe3 60. Qb4+ Kd5 61. Qb5+ Qc5 62. Qd3+ Kc6 63. Qa6+ Kc7 64. f6 gxf6 65. Qe2 Kb6 66. h4 Qd5+ 67. Kg1 Qd4+ 68. Kf1 Qa1+ 0-1

[Event "Vilnius op-A"]
[Site "Vilnius"]
[Date "2025.07.11"]
[Round "7"]
[White "Grabinsky, Yoni"]
[Black "Krivonosov, Oleg"]
[Result "1/2-1/2"]
[WhiteElo "2096"]
[BlackElo "2333"]
[PlyCount "92"]
[EventDate "2025.07.07"]
[EventType "swiss"]
[EventRounds "9"]
[EventCountry "LTU"]
[SourceTitle "CB29_2025"]
[SourceDate "2025.07.16"]
[SourceVersion "1"]
[SourceVersionDate "2025.07.16"]
[SourceQuality "1"]

1. e4 e5 2. Nf3 Nc6 3. Bb5 Nf6 4. 0-0 Nxe4 5. Re1 Nd6 6. Nxe5 Nxe5 7. Rxe5+ Be7 8. Bf1 0-0 9. d4 Bf6 10. Re1 Re8 11. Nc3 Rxe1 12. Qxe1 Bxd4 13. Bf4 Ne8 14. Nd5 c6 15. Ne7+ Kf8 16. Nxc8 Qf6 17. Rd1 Rxc8 18. Qe4 Bxf2+ 19. Kxf2 g5 20. Rxd7 Rc7 21. Rxc7 Nxc7 22. Qe5 Qxf4+ 23. Qxf4 gxf4 24. Kf3 f6 25. Bd3 Ne6 26. Kg4 Kg7 27. Bf5 Nd4 28. Bc8 Nxc2 29. Bxb7 Nb4 30. Kxf4 c5 31. Ke4 Nxa2 32. Kd5 Nb4+ 33. Kc4 f5 34. b3 Kf6 35. Kxc5 Nd3+ 36. Kc4 Ne5+ 37. Kb5 Nd3 38. Bf3 Ke5 39. b4 Kd4 40. Ka5 Kc3 41. b5 Nc5 42. Bc6 f4 43. Bf3 h6 44. Bc6 Kc4 45. Bf3 Kc3 46. Bc6 Kc4 1/2-1/2

[Event "Vilnius op-A"]
[Site "Vilnius"]
[Date "2025.07.09"]
[Round "4"]
[White "Cibulskyte, Smilte"]
[Black "Krivonosov, Oleg"]
[Result "0-1"]
[WhiteElo "1780"]
[BlackElo "2333"]
[PlyCount "76"]
[EventDate "2025.07.07"]
[EventType "swiss"]
[EventRounds "9"]
[EventCountry "LTU"]
[SourceTitle "CB29_2025"]
[SourceDate "2025.07.16"]
[SourceVersion "1"]
[SourceVersionDate "2025.07.16"]
[SourceQuality "1"]

1. e4 e5 2. Nf3 Nc6 3. d4 exd4 4. Nxd4 Bb4+ 5. c3 Bc5 6. Be3 Bb6 7. Bc4 Nge7 8. Nc2 0-0 9. 0-0 Na5 10. Be2 d5 11. Bxb6 axb6 12. Nd2 dxe4 13. Nxe4 Bf5 14. Bf3 Nc4 15. b3 Qxd1 16. Rfxd1 Ne5 17. Ne3 Nxf3+ 18. gxf3 Be6 19. Ng5 Bc8 20. c4 Ra5 21. Ne4 Be6 22. Rd2 h6 23. Rad1 Ng6 24. Kg2 Rh5 25. Ng3 Ra5 26. Ne4 f5 27. Nc3 Nh4+ 28. Kh1 Nxf3 29. Re2 Re5 30. Ned5 Bxd5 31. Rxd5 Rxe2 32. Nxe2 Re8 33. Nc3 Re1+ 34. Kg2 Nh4+ 35. Kg3 g5 36. Rd7 Rg1+ 37. Kh3 Nf3 38. Rxc7 g4# 0-1

[Event "Plunge op-A 43rd"]
[Site "Plateliai"]
[Date "2024.07.20"]
[Round "8"]
[White "Norkunas, Azuolas"]
[Black "Krivonosov, Oleg"]
[Result "1/2-1/2"]
[WhiteElo "1746"]
[BlackElo "2343"]
[PlyCount "111"]
[EventDate "2024.07.15"]
[EventType "swiss"]
[EventRounds "9"]
[EventCountry "LTU"]
[SourceTitle "CBM 221 Extra"]
[Source "ChessBase"]
[SourceDate "2024.09.30"]
[SourceVersion "1"]
[SourceVersionDate "2024.09.30"]
[SourceQuality "1"]

1. e4 e5 2. Nf3 Nc6 3. Bb5 a6 4. Ba4 Nf6 5. 0-0 Be7 6. Re1 b5 7. Bb3 d6 8. c3 0-0 9. h3 Nb8 10. d4 Nbd7 11. Nbd2 Bb7 12. Bc2 Re8 13. Nf1 Bf8 14. Ng3 g6 15. a4 c5 16. d5 c4 17. Be3 Nc5 18. Nd2 Nfd7 19. Ngf1 Nb6 20. Bxc5 dxc5 21. g3 Bc8 22. axb5 axb5 23. Rxa8 Nxa8 24. Kh2 Qd7 25. g4 h5 26. Ne3 Bh6 27. Ndf1 Bf4+ 28. Kg1 hxg4 29. Nxg4 Kg7 30. Nfe3 Bxe3 31. Rxe3 Qd6 32. Rf3 Bxg4 33. hxg4 Qd7 34. Rh3 Rh8 35. Rxh8 Kxh8 36. Qf3 Kg7 37. g5 Qd6 38. Kg2 Nb6 39. Kg3 Nd7 40. Qe3 Kf8 41. Bd1 Nb6 42. Qc1 Qe7 43. Qd2 Nc8 44. f4 Nb6 45. d6 Qb7 46. fxe5 Qxe4 47. d7 Qxe5+ 48. Kg2 Nxd7 49. Qxd7 Qxg5+ 50. Kf2 Qc1 51. Qd6+ Kg8 52. Qb8+ Kg7 53. Qe5+ Kg8 54. Qb8+ Kg7 55. Qe5+ Kg8 56. Qb8+ 1/2-1/2

[Event "Plunge op-A 43rd"]
[Site "Plateliai"]
[Date "2024.07.17"]
[Round "4"]
[White "Krivonosov, Oleg"]
[Black "Levitsky, Andrey"]
[Result "1/2-1/2"]
[WhiteElo "2343"]
[BlackElo "2285"]
[PlyCount "60"]
[EventDate "2024.07.15"]
[EventType "swiss"]
[EventRounds "9"]
[EventCountry "LTU"]
[SourceTitle "CBM 221 Extra"]
[Source "ChessBase"]
[SourceDate "2024.09.30"]
[SourceVersion "1"]
[SourceVersionDate "2024.09.30"]
[SourceQuality "1"]

1. Nf3 c5 2. c4 g6 3. d4 cxd4 4. Nxd4 Nc6 5. e4 Nf6 6. Nc3 d6 7. Be2 Nxd4 8. Qxd4 Bg7 9. Be3 0-0 10. Qd2 a5 11. f3 a4 12. Rc1 Bd7 13. Nd5 Nxd5 14. cxd5 a3 15. bxa3 Rxa3 16. 0-0 Qa8 17. Bc4 f5 18. exf5 Rxf5 19. Bb6 Qf8 20. Bb3 Bh6 21. Be3 Bxe3+ 22. Qxe3 Ra8 23. f4 Rc8 24. Rxc8 Bxc8 25. h4 Rf7 26. g3 Qd8 27. Rc1 Rf8 28. Re1 Rf7 29. Rc1 Rf8 30. Re1 Rf7 1/2-1/2

[Event "Plunge op-A 43rd"]
[Site "Plateliai"]
[Date "2024.07.16"]
[Round "3"]
[White "Nainys, Zanas1"]
[Black "Krivonosov, Oleg"]
[Result "0-1"]
[WhiteElo "2045"]
[BlackElo "2343"]
[PlyCount "184"]
[EventDate "2024.07.15"]
[EventType "swiss"]
[EventRounds "9"]
[EventCountry "LTU"]
[SourceTitle "CBM 221 Extra"]
[Source "ChessBase"]
[SourceDate "2024.09.30"]
[SourceVersion "1"]
[SourceVersionDate "2024.09.30"]
[SourceQuality "1"]

1. d4 d5 2. c4 e6 3. Nf3 Nf6 4. g3 Be7 5. Bg2 0-0 6. 0-0 Nbd7 7. Qc2 c6 8. Nbd2 b6 9. e4 dxc4 10. Nxc4 Bb7 11. Bg5 b5 12. Ne3 Rc8 13. e5 Nd5 14. Bxe7 Qxe7 15. Nxd5 cxd5 16. Qd2 a6 17. Rfc1 Nb6 18. b3 Nd7 19. h4 h6 20. Bf1 Rfd8 21. Kg2 Qf8 22. h5 Rxc1 23. Rxc1 Rc8 24. Rxc8 Qxc8 25. Bd3 Nf8 26. Ne1 Bc6 27. f4 Be8 28. g4 Qc7 29. Qc2 Qa5 30. Nf3 b4 31. Kg3 Bb5 32. Qc5 Qxa2 33. Bxb5 axb5 34. Qxb4 Qe2 35. Qd2 Qe4 36. Ne1 Qb1 37. Qc3 Qe4 38. Qd2 Qb1 39. Qe3 Qd1 40. Nf3 Qc2 41. Ne1 Qd1 42. Qc3 Qe2 43. Nf3 Qe4 44. Qd2 Qb1 45. Qe3 Qc2 46. Ne1 Qb1 47. Kf2 Qb2+ 48. Kg3 Qb1 49. Qc3 Qe4 50. Nf3 Qb1 51. Kf2 Qe4 52. Qe3 Qc2+ 53. Nd2 Qd1 54. Qe2 Qc2 55. Ke3 b4 56. Qd3 Qc1 57. Kf2 Qd1 58. Qe2 Qc2 59. Qe3 Qd1 60. Qe2 Qc2 61. Kf3 Qc3+ 62. Qe3 Qc2 63. Ke2 Qc1 64. Qf2 Qc2 65. Qf3 Qb2 66. Qd3 Nh7 67. Qe3 Qc2 68. Qf2 Qc3 69. Qg1 Qc2 70. Qa1 Nf8 71. Ke3 Qc8 72. Qb2 Qd8 73. Nf3 Qa5 74. Qc1 Qa3 75. Qxa3 bxa3 76. Ne1 a2 77. Nc2 Nd7 78. Kd3 f5 79. g5 g6 80. hxg6 hxg5 81. fxg5 Kg7 82. Kc3 Kxg6 83. Kb2 Kxg5 84. Kxa2 f4 85. Kb2 Kf5 86. Kc3 Ke4 87. Kd2 f3 88. b4 Nb6 89. b5 Nc4+ 90. Ke1 Kd3 91. Na3 Nxa3 92. b6 Nc2+ 0-1

[Event "Titled Tuesday intern op 14th Nov Early"]
[Site "Chess.com INT"]
[Date "2023.11.14"]
[Round "8"]
[White "Novik, Maxim"]
[Black "Krivonosov, Oleg"]
[Result "1/2-1/2"]
[WhiteElo "2375"]
[BlackElo "2350"]
[PlyCount "72"]
[EventDate "2023.11.14"]
[EventType "swiss (blitz)"]
[EventRounds "11"]
[EventCountry "USA"]
[SourceTitle "CBM 217 Extra"]
[Source "ChessBase"]
[SourceDate "2024.01.31"]
[SourceVersion "1"]
[SourceVersionDate "2024.01.31"]
[SourceQuality "1"]

1. e4 e5 2. Nf3 Nc6 3. Bc4 Bc5 4. d3 d6 5. 0-0 Nf6 6. Bg5 h6 7. Bxf6 Qxf6 8. Nc3 Be6 9. Nd5 Qd8 10. c3 0-0 11. b4 Bb6 12. a4 a6 13. Nxb6 cxb6 14. Bxe6 fxe6 15. Qb3 Qd7 16. Rfe1 Ne7 17. Nd2 b5 18. axb5 axb5 19. d4 Ng6 20. Nf1 Qf7 21. f3 exd4 22. cxd4 e5 23. Qxf7+ Kxf7 24. d5 Nf4 25. Ne3 Ra4 26. Rac1 Rxb4 27. Rc7+ Kg8 28. Nf5 Rb2 29. Rxg7+ Kh8 30. Rg4 Rg8 31. Rxg8+ Kxg8 32. g3 Nh3+ 33. Kh1 Nf2+ 34. Kg1 Nh3+ 35. Kh1 Nf2+ 36. Kg1 Nh3+ 1/2-1/2

[Event "BL2-Sued 2324"]
[Site "Germany"]
[Date "2023.10.20"]
[Round "8.7"]
[White "Krivonosov, Oleg"]
[Black "Nemec, Jachym"]
[Result "1/2-1/2"]
[WhiteElo "2344"]
[BlackElo "2346"]
[PlyCount "127"]
[EventDate "2023.10.21"]
[EventType "team-tourn"]
[EventRounds "10"]
[EventCountry "GER"]
[SourceTitle "EXT 2025"]
[Source "ChessBase"]
[SourceDate "2024.10.14"]
[SourceVersion "1"]
[SourceVersionDate "2024.10.14"]
[SourceQuality "1"]
[WhiteTeam "Schott Mainz"]
[BlackTeam "Bad Mergentheim"]
[WhiteTeamCountry "GER"]
[BlackTeamCountry "GER"]

1. Nf3 d5 2. d4 Nf6 3. c4 e6 4. g3 Bb4+ 5. Bd2 Be7 6. Bg2 c6 7. Qc2 0-0 8. 0-0 a5 9. Bf4 Nbd7 10. Rd1 a4 11. Ne5 Qa5 12. Nc3 a3 13. b3 Nxe5 14. Bxe5 dxc4 15. Bxf6 cxb3 16. Qxb3 Bxf6 17. e3 Be7 18. Rab1 Rd8 19. Rdc1 Ra7 20. Qc2 Bd7 21. f4 c5 22. d5 Bf6 23. Bh3 exd5 24. Bxd7 Rxd7 25. Qf5 Qd8 26. Nb5 Ra8 27. Rxc5 Qe7 28. Rbc1 Qxe3+ 29. Kg2 Rad8 30. Kh3 Qe7 31. R1c2 g6 32. Qd3 h5 33. Kg2 Kg7 34. Nxa3 Re8 35. Nb5 Qe1 36. Rc7 Ree7 37. Rxd7 Rxd7 38. Nc3 Qe6 39. Rd2 d4 40. Ne4 Be7 41. Nf2 Qc6+ 42. Qf3 Qc1 43. Qd1 Qc4 44. Nd3 Bf6 45. Rc2 Qb5 46. Nf2 Re7 47. Qd3 Qd5+ 48. Qf3 Qe6 49. Rb2 b6 50. h3 h4 51. g4 Rc7 52. Re2 Qd7 53. g5 Be7 54. Qe4 Kg8 55. Rd2 Rc4 56. Ng4 Qc7 57. Ne5 Rc3 58. Nxg6 fxg6 59. Qxg6+ Kh8 60. Qh6+ Kg8 61. Qg6+ Kf8 62. Qh6+ Ke8 63. Qg6+ Kf8 64. Qh6+ 1/2-1/2

[Event "Riga Tech Rapid op"]
[Site "Riga"]
[Date "2023.08.06"]
[Round "8"]
[White "Eliseev, Sergey1"]
[Black "Krivonosov, Oleg"]
[Result "1-0"]
[WhiteElo "2106"]
[BlackElo "2363"]
[PlyCount "161"]
[EventDate "2023.08.06"]
[EventType "swiss (rapid)"]
[EventRounds "9"]
[EventCountry "LAT"]
[SourceTitle "CBM 215 Extra"]
[Source "ChessBase"]
[SourceDate "2023.09.30"]
[SourceVersion "1"]
[SourceVersionDate "2023.09.30"]
[SourceQuality "1"]

1. e4 e5 2. Nf3 Nc6 3. Bb5 Nf6 4. d3 Bc5 5. Bxc6 dxc6 6. 0-0 Nd7 7. Bg5 f6 8. Bh4 Qe7 9. Nbd2 Nf8 10. Nc4 Ng6 11. Bg3 Be6 12. Ne3 0-0 13. a3 a5 14. c3 a4 15. Qe2 Rad8 16. Rfd1 Nf4 17. Bxf4 exf4 18. Nc2 Rfe8 19. Ncd4 Bg4 20. h3 Bh5 21. Nf5 Qe6 22. Re1 g6 23. N5h4 Bf8 24. d4 f5 25. e5 Bh6 26. Qd3 Rf8 27. Nd2 g5 28. Nhf3 g4 29. Nh2 Kh8 30. hxg4 fxg4 31. Qc4 Rfe8 32. Qxe6 Rxe6 33. Ne4 Bf8 34. f3 gxf3 35. Nxf3 c5 36. Neg5 Ree8 37. e6 Kg7 38. e7 Bxe7 39. Ne6+ Kf6 40. Nxd8 Rxd8 41. Re4 Bd6 42. Rae1 Bf7 43. Ne5 Bxe5 44. dxe5+ Ke6 45. Rxf4 Bg6 46. Rxa4 Rd2 47. Rf4 Rxb2 48. Rf6+ Ke7 49. Rf2 Rb3 50. Re3 Rxa3 51. Rd2 b5 52. e6 Be8 53. Rd5 b4 54. Rxc5 c6 55. Rg3 Kxe6 56. Re3+ Kd7 57. Rce5 Bg6 58. cxb4 Ra4 59. Rb3 Kd6 60. Re1 Bf7 61. Rb2 Bd5 62. Rd1 Ra8 63. Rd4 Rb8 64. Rh4 Rb7 65. Rd2 Ke5 66. Rd3 Rg7 67. g3 Ra7 68. Re3+ Kf5 69. Rf4+ Kg5 70. Re5+ Kg6 71. Re2 Ra3 72. Kf2 Rb3 73. Rd2 Kg5 74. Rfd4 Rf3+ 75. Kg1 Rxg3+ 76. Kh2 Rb3 77. R2d3 Rb2+ 78. Kg3 h5 79. Rxd5+ cxd5 80. Rxd5+ Kg6 81. b5 1-0

[Event "Oberliga Sued W 2223"]
[Site "Germany"]
[Date "2023.04.30"]
[Round "9.1"]
[White "Krivonosov, Oleg"]
[Black "Karsay, Pascal"]
[Result "1/2-1/2"]
[WhiteElo "2364"]
[BlackElo "2357"]
[PlyCount "67"]
[EventDate "2022.10.23"]
[EventType "team-tourn"]
[EventRounds "9"]
[EventCountry "GER"]
[SourceTitle "EXT 2025"]
[Source "ChessBase"]
[SourceDate "2024.10.14"]
[SourceVersion "1"]
[SourceVersionDate "2024.10.14"]
[SourceQuality "1"]
[WhiteTeam "Schott Mainz"]
[BlackTeam "Worms"]
[WhiteTeamCountry "GER"]
[BlackTeamCountry "GER"]

1. Nf3 d5 2. d4 Nf6 3. c4 e6 4. g3 h6 5. Bg2 Bd6 6. 0-0 0-0 7. Bf4 Bxf4 8. gxf4 b6 9. Ne5 Bb7 10. Nc3 Nbd7 11. Qa4 c6 12. cxd5 cxd5 13. Rac1 a6 14. Qb4 Rc8 15. Na4 b5 16. Nc5 Nxc5 17. Rxc5 Ne4 18. Rxc8 Qxc8 19. f3 Nf6 20. Qd2 Qb8 21. Rc1 Rc8 22. Rc5 Rxc5 23. dxc5 Qc7 24. b4 Nd7 25. Nxd7 Qxd7 26. Qd4 Bc6 27. e3 f6 28. a3 Qe7 29. Bh3 Kf8 30. Kf2 Qe8 31. Bg4 Qe7 32. Bh3 Qe8 33. Bg4 Qe7 34. Bh3 1/2-1/2

[Event "Oberliga Sued W 2223"]
[Site "Germany"]
[Date "2023.02.05"]
[Round "5.1"]
[White "Krivonosov, Oleg"]
[Black "Vogel, Johannes"]
[Result "1-0"]
[WhiteElo "2364"]
[BlackElo "2203"]
[PlyCount "87"]
[EventDate "2022.10.23"]
[EventType "team-tourn"]
[EventRounds "9"]
[EventCountry "GER"]
[SourceTitle "EXT 2025"]
[Source "ChessBase"]
[SourceDate "2024.10.14"]
[SourceVersion "1"]
[SourceVersionDate "2024.10.14"]
[SourceQuality "1"]
[WhiteTeam "Schott Mainz"]
[BlackTeam "Landau"]
[WhiteTeamCountry "GER"]
[BlackTeamCountry "GER"]

1. Nf3 d5 2. d4 Nf6 3. c4 dxc4 4. e3 b5 5. a4 b4 6. Bxc4 e6 7. 0-0 Be7 8. b3 0-0 9. Bb2 Bb7 10. Qe2 c5 11. Nbd2 cxd4 12. Nxd4 Nc6 13. Nxc6 Bxc6 14. Rac1 Qa5 15. Nf3 Bb7 16. Rfd1 Nd5 17. e4 Nc3 18. Bxc3 bxc3 19. Qe3 Rfd8 20. h3 Bb4 21. Kf1 Rxd1+ 22. Rxd1 Ba3 23. Qd3 h6 24. Qc2 g6 25. Kg1 Bb4 26. Bd3 Qc5 27. Qe2 Qc6 28. g3 Rd8 29. Bc2 Rc8 30. Qe3 Kh7 31. Ne5 Qc5 32. Qxc5 Rxc5 33. Nxf7 Bc6 34. Nd8 e5 35. Nxc6 Rxc6 36. Rd7+ Kg8 37. Rxa7 Rd6 38. Rb7 Ba3 39. b4 Rd2 40. Bb3+ Kf8 41. a5 Bxb4 42. Rxb4 Rb2 43. Kh2 c2 44. Rc4 1-0

[Event "Titled Tuesday intern op 17th Jan Early"]
[Site "Chess.com INT"]
[Date "2023.01.17"]
[Round "7"]
[White "Krivonosov, Oleg"]
[Black "Jimenez Almeida, Luis David"]
[Result "1-0"]
[WhiteElo "2364"]
[BlackElo "2241"]
[PlyCount "123"]
[EventDate "2023.01.17"]
[EventType "swiss (blitz)"]
[EventRounds "11"]
[EventCountry "USA"]
[SourceTitle "CBM 212 Extra"]
[Source "ChessBase"]
[SourceDate "2023.03.31"]
[SourceVersion "1"]
[SourceVersionDate "2023.03.31"]
[SourceQuality "1"]

1. Nf3 f5 2. d4 Nf6 3. g3 g6 4. b3 Bg7 5. Bb2 0-0 6. Bg2 d6 7. 0-0 a5 8. c4 Qe8 9. d5 c6 10. Nc3 e5 11. dxe6 Qxe6 12. Qd2 Na6 13. Rad1 Rd8 14. Na4 Ne4 15. Qxa5 Qe7 16. Bxg7 Kxg7 17. Qe1 Be6 18. Nd2 Nac5 19. Nxe4 Nxa4 20. Nc3 Nc5 21. Qd2 Qf6 22. Qd4 Qxd4 23. Rxd4 Kf6 24. Rfd1 Ke7 25. f4 h5 26. Kf2 Bf7 27. e4 Ne6 28. R4d2 Nc5 29. Re1 Kf6 30. Re3 h4 31. Bf3 hxg3+ 32. hxg3 Ne6 33. Red3 Ke7 34. Na4 b5 35. cxb5 cxb5 36. Nb6 Nc5 37. Nxa8 Nxd3+ 38. Rxd3 Rxa8 39. Rd2 fxe4 40. Bxe4 d5 41. Bxd5 Bxd5 42. Rxd5 Rxa2+ 43. Kf3 b4 44. Rb5 Rc2 45. Rxb4 Rc3+ 46. Kg4 Kf6 47. Rb6+ Kg7 48. b4 Kh6 49. b5 Rc5 50. Rb8 Rc4 51. b6 Rb4 52. b7 Kg7 53. Kf3 Rb3+ 54. Ke4 Rb4+ 55. Kd5 Rb6 56. g4 Rb4 57. f5 gxf5 58. gxf5 Rb5+ 59. Kc6 Rb1 60. Rc8 Rc1+ 61. Kd5 Rd1+ 62. Ke4 1-0

[Event "Titled Tuesday intern op 17th Jan Early"]
[Site "Chess.com INT"]
[Date "2023.01.17"]
[Round "10"]
[White "Lymar, Vladislav"]
[Black "Krivonosov, Oleg"]
[Result "1-0"]
[WhiteElo "2066"]
[BlackElo "2364"]
[PlyCount "83"]
[EventDate "2023.01.17"]
[EventType "swiss (blitz)"]
[EventRounds "11"]
[EventCountry "USA"]
[SourceTitle "CBM 212 Extra"]
[Source "ChessBase"]
[SourceDate "2023.03.31"]
[SourceVersion "1"]
[SourceVersionDate "2023.03.31"]
[SourceQuality "1"]

1. e4 e5 2. Nf3 Nc6 3. Nc3 Nf6 4. a3 g6 5. Nxe5 Nxe5 6. d4 Nc6 7. d5 Bg7 8. dxc6 bxc6 9. Bc4 0-0 10. 0-0 d6 11. Bg5 h6 12. Bh4 Be6 13. Bxe6 fxe6 14. e5 dxe5 15. Qe2 g5 16. Bg3 Nd5 17. Bxe5 Bxe5 18. Qxe5 Qd6 19. Qe4 Kg7 20. Ne2 Nf6 21. Qa4 Qe5 22. Nc3 Nd5 23. Rfe1 Nxc3 24. bxc3 Qxc3 25. Rad1 Rad8 26. Qxa7 Rxd1 27. Rxd1 Qxc2 28. Qd4+ Rf6 29. Ra1 e5 30. Qe3 Qb2 31. Rd1 Rd6 32. Re1 c5 33. Qxc5 Rf6 34. Qxc7+ Kg6 35. Qc5 e4 36. Qe3 Re6 37. a4 Qb4 38. Ra1 Ra6 39. a5 Rxa5 40. Re1 Re5 41. h3 Qd6 42. Rc1 1-0

[Event "Titled Tuesday intern op 17th Jan Early"]
[Site "Chess.com INT"]
[Date "2023.01.17"]
[Round "5"]
[White "Pein, Jonathan"]
[Black "Krivonosov, Oleg"]
[Result "0-1"]
[WhiteElo "2252"]
[BlackElo "2364"]
[PlyCount "108"]
[EventDate "2023.01.17"]
[EventType "swiss (blitz)"]
[EventRounds "11"]
[EventCountry "USA"]
[SourceTitle "CBM 212 Extra"]
[Source "ChessBase"]
[SourceDate "2023.03.31"]
[SourceVersion "1"]
[SourceVersionDate "2023.03.31"]
[SourceQuality "1"]

1. e4 e5 2. Nf3 Nc6 3. Nc3 Nf6 4. g3 Bc5 5. Bg2 d6 6. d3 a6 7. 0-0 h6 8. Be3 Bxe3 9. fxe3 Ne7 10. Nh4 c6 11. Qe2 Bg4 12. Qf2 Be6 13. Nf5 Bxf5 14. exf5 d5 15. e4 Qd6 16. Qb6 dxe4 17. Nxe4 Nxe4 18. Bxe4 Rb8 19. f6 gxf6 20. Qf2 Nd5 21. Rae1 Nc7 22. c3 Rd8 23. d4 exd4 24. Qxf6 Qxf6 25. Rxf6 Ne6 26. cxd4 Rxd4 27. Bg6 fxg6 28. Rfxe6+ Kd8 29. Rxg6 Rd7 30. Ree6 h5 31. Rd6 Kc7 32. Rxd7+ Kxd7 33. Kg2 b5 34. Kh3 a5 35. Kh4 Re8 36. Rg5 Re2 37. h3 Rxb2 38. a4 Rb4+ 39. Kxh5 Rxa4 40. g4 Ra1 41. Rg8 a4 42. g5 a3 43. g6 b4 44. g7 Rg1 45. Ra8 Ke6 46. Ra7 Rxg7 47. Rxg7 a2 48. Ra7 b3 49. Kg5 b2 50. Rxa2 b1Q 51. Re2+ Kd5 52. Rf2 Qg1+ 53. Kh5 Qxf2 54. h4 Qg3 0-1